000 00791nam a2200241 i 4500
001 bg
245 0 0 _aPolityka ekonomiczna /
_cpod red. Antoniego Fajferka ; [aut. Małgorzata Bieda et al.].
260 _aKraków :
_bWydaw. Akademii Ekonomicznej,
_c1999.
300 _a340 s. :
_bwykr. ;
_c24 cm.
521 _aSkrypt dla studentów II roku studiów dziennych.
650 9 _aGospodarka
_xpolityka
_yod 1945 r.
651 9 _aPolska
_xgospodarka
_xpolityka
_yod 1944 r.
655 _aPodręczniki akademickie
700 1 _aFAJFEREK, Antoni
_d(1927- ).
_eRed.
700 1 _aBIEDA, Małgorzata
020 _a8387239895
040 _cBPK
041 0 _apl
080 _a338.242(438)"1944/..."(075.8)
920 _a83-87239-89-5
942 _cKS
008 s pl f |000 0 pol
999 _c36024
_d36024
856 _uhttp://koha.tu.koszalin.pl/cgi-bin/koha/opac-detail.pl?biblionumber=36024
_yKatalog online BPK